| 000 -ლიდერი |
| ფიქსირებული სიგრძის საკონტროლო ველი |
01547nam a22002297a 4500 |
| 003 - საკონტროლო ნომრის იდენტიფიკატორი |
| საკონტროლო ველი |
Ge_BSU |
| 005 - ბოლო ოპერაციის თარიღი და დრო |
| საკონტროლო ველი |
20250630104615.0 |
| 008 - ფიქსირებული სიგრძის მონაცემთა ელემენტები - ზოგადი ინფორმაცია |
| ფიქსირებული სიგრძის საკონტროლო ველი |
250630s2025 ge ||||| |||| 00| 0 geo d |
| 041 ## - ენის კოდი |
| Language code of text/sound track or separate title |
geo |
| 080 ## - უნივერსალური ათობითი კლასიფიკაციის ინდექსი |
| Universal Decimal Classification number |
94 ა-29 |
| 100 ## - მთავარი ჩანაწერი - პიროვნების სახელი |
| Personal name |
აბუსელიძე, ჯამბულ |
| 9 (RLIN) |
25560 |
| 245 ## - ცნობა სათაურის შესახებ |
| Title |
ანტიკური რომის დიპლომატიის ისტორია : |
| Remainder of title |
დისერტაცია / |
| Statement of responsibility, etc |
ჯამბულ აბუსელიძე; სამეცნიერო ხელმძღვანელი კახაბერ სურგულაძე; ბსუ. ჰუმანიტარულ მეცნიერებათა ფაკულტეტი. ისტორიის, არქეოლოგიის და ეთნოლოგიის დეპარტამენტი. |
| 264 ## - წარმოების, გამოცემის, დისტრიბუციის და სხვა ცნობები |
| გამოცემის, წარმოების, დისტრიბუციის... ადგილი |
ბათუმი, |
| გამოცემის, წარმოების, დისტრიბუციის... თარიღი |
2025. |
| 300 ## - ფიზიკური აღწერა |
| Extent |
190 გვ.; |
| Other physical details |
30 სმ. |
| 504 ## - BIBLIOGRAPHY, ETC. NOTE |
| Bibliography, etc |
ბიბლიოგრ. გვ. 166-190 |
| 653 ## - INDEX TERM--UNCONTROLLED |
| Uncontrolled term |
ისტორია |
| 653 ## - INDEX TERM--UNCONTROLLED |
| Uncontrolled term |
ანტიკური რომი |
| 653 ## - INDEX TERM--UNCONTROLLED |
| Uncontrolled term |
დისერტაცია |
| 700 ## - ADDED ENTRY--PERSONAL NAME |
| Personal name |
სურგულაძე, კახაბერ |
| Relator term |
სამეცნ. ხელმძღვანელი |
| 9 (RLIN) |
25561 |
| 710 ## - ADDED ENTRY--CORPORATE NAME |
| Corporate name or jurisdiction name as entry element |
ბსუ. ჰუმანიტარულ მეცნიერებათა ფაკულტეტი. |
| Subordinate unit |
ისტორიის, არქეოლოგიის და ეთნოლოგიის დეპარტამენტი |
| 9 (RLIN) |
25565 |
| 942 ## - ADDED ENTRY ELEMENTS (KOHA) |
| Source of classification or shelving scheme |
|
| Koha item type |
დისერტაცია |